[Event "FSELOA August"]
[Site "Budapest HUN"]
[Date "2000.08.08"]
[Round "4"]
[White "Berczes,D"]
[Black "Mihok,L"]
[Result "1-0"]
[WhiteElo "2054"]
[BlackElo "2205"]

1.d4 d5 2.c4 c6 3.Nf3 Nf6 4.Nc3 a6 5.cxd5 cxd5 6.Bf4 Nc6 7.e3 Bg4 8.Bd3 e6
9.O-O Nh5 10.Bg3 Nxg3 11.hxg3 Be7 12.Be2 Rc8 13.Rc1 b5 14.a4 b4 15.Nb1 Qb6
16.Qd3 Ra8 17.Qc2 Na5 18.Bd3 Bxf3 19.gxf3 Kd7 20.Qe2 g6 21.Nd2 Rhc8 22.f4 Rc6
23.Nf3 f6 24.e4 Rac8 25.Rxc6 Rxc6 26.exd5 exd5 27.Re1 Re6 28.Qxe6+ Qxe6 29.Rxe6 Kxe6
30.Bxa6 Nc4 31.b3 Na5 32.Nd2 Bd8 33.Be2 Bb6 34.Bd1 Bxd4 35.Kf1 Bc3 36.Ke2 Nb7
37.Nb1 Bd4 38.Nd2 Nc5 39.Bc2 Kd6 40.Nf3 Bc3 41.Ne1 Ne6 42.Nf3 Kc6 43.Bd3 Nc5
44.Bc2 d4 45.Nd2 Kd5 46.f3 f5 47.Bd3 h6 48.Bc2 h5 49.Bd3 Nxd3 50.Kxd3 Kc5
51.Ke2 d3+ 52.Kxd3 Bd4 53.Ke2 Bg1 54.Kf1 Bd4 55.Nc4 Kd5 56.a5 Bc5 57.Ke2 Ba7
58.Ne5 g5 59.Nd3 h4 60.fxg5 hxg3 61.Kf1 Bd4 62.Nxb4+ Kc5 63.a6 Kb6 64.a7 Kb7
65.Nc6 Bg7 66.b4 f4 67.b5 Bc3 68.g6 Bf6 69.b6 Bc3 70.Nd8+ Ka8 71.Ne6  1-0

[Event "Lost Boys Open"]
[Site "Amsterdam NED"]
[Date "2000.08.19"]
[Round "9"]
[White "Piket,Je"]
[Black "Sokolov,I"]
[Result "0-1"]
[WhiteElo "2649"]
[BlackElo "2611"]

1.Nf3 d5 2.d4 c6 3.c4 Nf6 4.Nc3 a6 5.c5 Bf5 6.Bf4 Nbd7 7.e3 e6 8.Be2 Be7
9.Nd2 Bg6 10.O-O O-O 11.b4 Re8 12.Bg3 Qc8 13.Rc1 Bd8 14.f4 b6 15.cxb6 Bxb6
16.Na4 Qb7 17.Qb3 Bd8 18.Rc3 Be7 19.Nc5 Nxc5 20.bxc5 Qd7 21.Qb2 Bd8 22.Rb3 Ne4
23.Rb7 Qc8 24.Nxe4 Bxe4 25.Rc1 Re7 26.Rxe7 Bxe7 27.Rc3 Rb8 28.Qa3 Rb1+ 29.Kf2 e5
30.dxe5 g5 31.Rb3 gxf4 32.exf4 Ra1 33.Rb6 Qf5 34.Rxc6 d4 35.Rc7 Bh4 36.Bxh4 Qxf4+
37.Qf3 Bxf3 38.Rc8+ Kg7 39.Bf6+ Kh6  0-1

[Event "IV Russian Cup Final"]
[Site "Elista RUS"]
[Date "2000.08.19"]
[Round "1"]
[White "Utnasunov,A"]
[Black "Volkov,S"]
[Result "0-1"]
[WhiteElo "2257"]
[BlackElo "2554"]

1.d4 d5 2.c4 c6 3.Nf3 Nf6 4.Nc3 a6 5.Qc2 dxc4 6.e4 b5 7.Be2 e6 8.e5 Nd5 9.Ne4 Nd7
10.Nfg5 h6 11.Nf3 c5 12.b3 Nb4 13.Qb1 cxb3 14.axb3 Bb7 15.O-O cxd4 16.Rd1 Rc8
17.Nxd4 Nc2 18.Bf3 Nxe5 19.Bb2 Nxf3+ 20.gxf3 Bxe4 21.fxe4 Nxa1 22.Qxa1 Qb6
23.Nf3 f6 24.Bxf6 gxf6 25.Qxf6 Rg8+ 26.Kh1 Qd6  0-1

[Event "Clasificatorio Abierto"]
[Site "Buenos Aires ARG"]
[Date "2000.08.22"]
[Round "4"]
[White "Cativelli,G"]
[Black "Juarez,CE"]
[Result "1/2-1/2"]
[WhiteElo "2257"]
[BlackElo "2179"]

1.c4 Nf6 2.Nf3 c6 3.Nc3 d5 4.d4 a6 5.c5 Bf5 6.Qb3 Ra7 7.Bf4 Nbd7 8.h3 e6
9.e3 Be7 10.Be2 h6 11.O-O O-O 12.Na4 Re8 13.Rac1 Kh8 14.Rfe1 Bf8 15.Nb6 Be4
16.Ne5 Nxe5 17.Bxe5 Nd7 18.Bg3 Bg6 19.Bf1 f6 20.Nxd7 Qxd7 21.Qc3 Be7 22.b4 Bd8
23.a4 Bc7 24.Bxc7 Qxc7 25.b5 axb5 26.axb5 Qa5 27.bxc6 Qxc3 28.Rxc3 bxc6 29.Rb3 e5
30.dxe5 fxe5 31.Rb6 Re6 32.Ba6 Be8 33.Reb1  1/2-1/2

[Event "Summer Festival Open"]
[Site "Lisbon POR"]
[Date "2000.08.26"]
[Round "6"]
[White "Mitkov,N"]
[Black "Oratovsky,M"]
[Result "1/2-1/2"]
[WhiteElo "2532"]
[BlackElo "2486"]

1.Nf3 Nf6 2.d4 d5 3.c4 c6 4.Nc3 a6 5.cxd5 cxd5 6.Bf4 Nc6 7.e3 Bg4 8.Be2 e6
9.Ne5 Bxe2 10.Qxe2 Rc8 11.O-O Bd6 12.Rfd1 O-O 13.Rac1 Qe7  1/2-1/2

[Event "Open"]
[Site "Abudhabi UAE"]
[Date "2000.08.27"]
[Round "2"]
[White "Maherramzade,J"]
[Black "Saltaev,M"]
[Result "1/2-1/2"]
[WhiteElo "2433"]
[BlackElo "2475"]

1.d4 d5 2.c4 c6 3.Nf3 Nf6 4.Nc3 a6 5.c5 Nbd7 6.Bf4 Nh5 7.e3 g6 8.Bd3 Bg7
9.O-O O-O 10.Bg5 Re8 11.Re1 Bf6 12.Bxf6 Nhxf6 13.e4 dxe4 14.Bxe4 Nxe4 15.Nxe4 Nf8
16.Qb3 Rb8 17.Neg5 Qd5 18.Qxd5 cxd5 19.Nd2 f6 20.Ngf3 Kf7 21.b4 g5 22.Nb3 Bd7
23.Rac1 Ne6 24.Rc3 Nf4 25.g3 Ng6 26.a3 Rbc8 27.Rcc1 Rc7 28.Nfd2 Ba4 29.Kg2 e5
30.f3 h5 31.dxe5 fxe5 32.Na5 Kf6 33.Nf1 Rd8 34.Ne3 Ne7 35.Kf2 Nf5 36.Nxf5 Kxf5
37.Rb1 g4 38.Rb2 Bb5 39.Rd2 gxf3 40.Kxf3 e4+ 41.Kg2 d4 42.a4 Bd3 43.Nb3 h4
44.b5 axb5 45.axb5 Kg4 46.b6 h3+ 47.Kg1 Rf7 48.Nc1 Bb1 49.Nb3 e3 50.Rxd4+ Rxd4
51.Nxd4 Bd3 52.c6 e2 53.Nxe2 bxc6 54.Nd4 Ba6 55.Nxc6 Rf6 56.Ne5+ Kf5 57.Nd7 Rd6
58.Nc5 Rxb6 59.Nxa6 Rxa6 60.Kf2 Ra3 61.Re2 Kg4 62.Re4+ Kf5  1/2-1/2

[Event "IV Russian Cup Final"]
[Site "Elista RUS"]
[Date "2000.08.27"]
[Round "8"]
[White "Kosyrev,V"]
[Black "Volkov,S"]
[Result "1/2-1/2"]
[WhiteElo "2512"]
[BlackElo "2554"]

1.d4 d5 2.c4 c6 3.Nc3 Nf6 4.Nf3 a6 5.a4 e6 6.Bg5 Bb4 7.Qb3 Qa5 8.Bxf6 dxc4
9.Qxc4 gxf6 10.e4 Nd7 11.Be2 Nb6 12.Qd3 e5 13.O-O Be6 14.Qe3 O-O-O  1/2-1/2

[Event "Open"]
[Site "Abudhabi UAE"]
[Date "2000.08.30"]
[Round "5"]
[White "Bagirov,R"]
[Black "Badjarani,I"]
[Result "1/2-1/2"]
[WhiteElo "2471"]
[BlackElo "2354"]

1.d4 d5 2.Nf3 Nf6 3.c4 c6 4.Nc3 a6 5.c5 Nbd7 6.Bf4 Nh5 7.e3 Nxf4 8.exf4 b6
9.cxb6 Qxb6 10.Qd2 e6 11.Rc1 c5 12.Na4 Qa7 13.f5 c4 14.fxe6 fxe6 15.b3 Ba3
16.Rb1 Rb8 17.Qe3 Nf6 18.Ne5 Bb4+ 19.Kd1 cxb3 20.axb3 Bd7  1/2-1/2

[Event "Golombek Mem"]
[Site "Paignton ENG"]
[Date "2000.09.03"]
[Round "1"]
[White "Gormally,D"]
[Black "Fontaine,R"]
[Result "0-1"]
[WhiteElo "2499"]
[BlackElo "2449"]

1.d4 d5 2.c4 c6 3.Nf3 Nf6 4.Nc3 a6 5.Bg5 Ne4 6.Bf4 Nxc3 7.bxc3 dxc4 8.e4 b5
9.a4 Nd7 10.Ng5 e5 11.dxe5 Be7 12.e6 Bxg5 13.Qh5 O-O 14.exf7+ Rxf7 15.Bxg5 Qe8
16.Qh4 Nc5 17.f3 Qe5 18.Bd2 Nb3 19.Ra2 Nxd2 20.Qd8+ Rf8 21.Qxd2 Be6 22.Qe3 Rab8
23.Be2 bxa4 24.O-O Rb3 25.Rxa4 Rxc3 26.Qb6 Rc2 27.Bd1 Rb2 28.Qe3 Rd8 29.f4 Qb5
30.Ra1 Rd3 31.Qa7 c3 32.Qa8+ Qb8 33.Qxc6 Qb6+ 34.Qxb6 Rxb6 35.Rf3 Bc4 36.Rc1 Rxd1+
37.Rxd1 c2 38.Rd8+ Kf7 39.Rc3 Rb1+ 40.Kf2 c1=Q 41.Rxc1 Rxc1 42.Rd7+ Kf8 43.Ra7 Rc2+
44.Kf3 Be2+ 45.Ke3 Bb5 46.Ra8+ Ke7 47.Ra7+ Kf8 48.g4 Rxh2 49.f5 Re2+ 50.Kd4 Rg2
51.Ra8+ Be8 52.Rxa6 Rxg4 53.Ke3 h5 54.Kf3 Bb5 55.Ra8+ Kf7  0-1

[Event "Golombek Mem"]
[Site "Paignton ENG"]
[Date "2000.09.05"]
[Round "3"]
[White "Naumann,A"]
[Black "Fontaine,R"]
[Result "0-1"]
[WhiteElo "2489"]
[BlackElo "2449"]

1.d4 d5 2.c4 c6 3.Nf3 Nf6 4.Nc3 a6 5.c5 Nbd7 6.Bf4 Nh5 7.e3 g6 8.Bd3 Nxf4
9.exf4 Bg7 10.O-O O-O 11.Qd2 Re8 12.Rfe1 e6 13.Re2 b6 14.cxb6 c5 15.dxc5 Nxc5
16.b4 Nxd3 17.Qxd3 Qxb6 18.Rb1 Bd7 19.Ne5 Qc7 20.h3 Rec8 21.Rb3 Bxe5 22.fxe5 Qc4
23.Rd2 Qxd3 24.Rxd3 Rc4 25.a3 Rb8 26.Kh2 Kg7 27.Kg3 g5 28.f3 Kg6 29.Rb1 Rbc8
30.Nd1 Ba4 31.Ne3 Rc3 32.Rxc3 Rxc3 33.Ng4 Rxa3 34.Rc1 a5 35.Nf6 Re3 36.Ng8 Rxe5
37.Ne7+ Kf6 38.Nc8 Re2 39.Rc7 Rc2  0-1

[Event "Najdorf Final KO"]
[Site "Buenos Aires ARG"]
[Date "2000.09.09"]
[Round "1.1"]
[White "Filgueira,H"]
[Black "Giaccio,A"]
[Result "1/2-1/2"]
[WhiteElo "2391"]
[BlackElo "2505"]

1.Nf3 Nf6 2.d4 d5 3.c4 c6 4.Nc3 a6 5.Bg5 e6 6.cxd5 cxd5 7.e3 Nbd7 8.Bd3 h6
9.Bh4 b5 10.O-O Be7 11.a4 b4 12.Nb1 a5 13.Nbd2 Ba6 14.Bxa6 Rxa6 15.Qe2 Qa8
16.Rfc1 Bd6 17.Bxf6 Nxf6 18.Qb5+ Nd7 19.Nb3 Ke7 20.Nc5 Rc6 21.Nxd7 Kxd7 22.Nd2 Rb8
23.Qd3 Rbc8 24.Nb3 Rxc1+ 25.Rxc1 Rxc1+ 26.Nxc1 Qc6 27.Qd1 Ke7 28.Nd3  1/2-1/2

[Event "1st European Rapid Ch"]
[Site "Neum BIH"]
[Date "2000.10.03"]
[Round "7"]
[White "Greenfeld,A"]
[Black "Sokolov,I"]
[Result "0-1"]
[WhiteElo "2574"]
[BlackElo "2611"]

1.d4 Nf6 2.c4 c6 3.Nc3 d5 4.Nf3 a6 5.a4 e6 6.Bg5 Nbd7 7.e3 Qa5 8.Nd2 Bb4
9.Qc2 e5 10.Nb3 Qc7 11.Be2 Ne4 12.Bh4 exd4 13.Nxd4 O-O 14.O-O Bd6 15.cxd5 Nxc3
16.Qxc3 Bxh2+ 17.Kh1 Be5 18.dxc6 bxc6 19.Qxc6 Qb8 20.Nf5 Ra7 21.Ne7+ Kh8
22.Nxc8 Rxc8 23.Qf3 Qxb2 24.Rab1 Qc2 25.Rfd1 Qxa4 26.Qh3 Rf8 27.Be7 Re8 28.Bb4 Nf6
29.Bf3 a5 30.Bc5 Rd7 31.Rxd7 Nxd7 32.Bd4 Bxd4 33.exd4 Nf6 34.Rd1 Qc2 35.Qh4 a4
36.d5 a3 37.Qd4 a2 38.Kh2 Rb8 39.d6 Rb1 40.d7 Qc7+ 41.g3 Qxd7  0-1

[Event "1st European Rapid Ch"]
[Site "Neum BIH"]
[Date "2000.10.03"]
[Round "11"]
[White "Filippov,V"]
[Black "Sokolov,I"]
[Result "1-0"]
[WhiteElo "2593"]
[BlackElo "2611"]

1.Nf3 d5 2.d4 Nf6 3.c4 c6 4.Nc3 a6 5.Bg5 Ne4 6.h4 h6 7.Bf4 Nd7 8.Nxe4 dxe4
9.Nd2 Qa5 10.e3 e5 11.dxe5 Nxe5 12.a3 Nd3+ 13.Bxd3 exd3 14.O-O Be7 15.Nf3 Bg4
16.Qxd3 Bxf3 17.gxf3 O-O 18.Bg3 Rad8 19.Qe4 Bf6 20.Rad1 Bxb2 21.Rxd8 Qxd8
22.Rb1 Qd2 23.a4 b5 24.Qxc6 bxc4 25.Qxc4 a5 26.Qb3 Bc3 27.Rd1 Qe2 28.Rd7 Bb4
29.Kg2 Qa6 30.Qd5 Qf6 31.h5 Re8 32.e4 Rc8 33.f4 Qe6 34.f5 Qf6 35.Bh4 Qa1
36.Qxf7+ Kh8 37.f6 Bf8 38.Qg6  1-0

[Event "ch-HUN KO"]
[Site "Budapest HUN"]
[Date "2000.10.05"]
[Round "5.2"]
[White "Pinter,J"]
[Black "Seres,L"]
[Result "1-0"]
[WhiteElo "2556"]
[BlackElo "2444"]

1.d4 d5 2.Nf3 Nf6 3.c4 c6 4.Nc3 a6 5.c5 Nbd7 6.Bf4 Nh5 7.e3 f6 8.Bd3 g6 9.h3 e5
10.dxe5 Nxf4 11.exf4 Nxc5 12.O-O f5 13.Nd4 Ne6 14.Bxf5 gxf5 15.Qh5+ Kd7 16.Nxe6 Kxe6
17.Rfd1 Bg7 18.g4 Qf8 19.Rac1 Qf7 20.Qh4 h5 21.Ne4 Qg6 22.Ng5+ Kd7 23.Qg3 hxg4
24.Qb3 Ke8 25.Qb6 Rh6 26.Rd3 Bf8 27.e6 Be7 28.Rxc6 Bxg5 29.e7 Be6 30.Qxb7 Bxe7
31.Rc7 Bd8 32.Qxa8 Rxh3 33.Qc6+ Kf8 34.Qd6+ Ke8 35.Rc8 Qf6 36.Rxd8+ Qxd8
37.Qxe6+ Qe7 38.Qg8+ Qf8  1-0

[Event "ch-HUN KO"]
[Site "Budapest HUN"]
[Date "2000.10.07"]
[Round "6.2"]
[White "Gyimesi,Z"]
[Black "Pinter,J"]
[Result "1/2-1/2"]
[WhiteElo "2539"]
[BlackElo "2556"]

1.d4 d5 2.c4 c6 3.Nf3 Nf6 4.Nc3 a6 5.c5 Nbd7 6.Bf4 Nh5 7.e3 f6 8.Bg3 g6 9.b4 Bg7
10.e4 Nxg3 11.hxg3 e6 12.Bd3 O-O 13.a3 b6 14.cxb6 Nxb6 15.Qb3 Rf7 16.Rd1 a5
17.O-O axb4 18.axb4 Rb8 19.Rfe1 Bf8 20.Rb1 Kg7 21.Na4 Nxa4 22.Qxa4 Bd7 23.Qa5 dxe4
24.Qxd8 Rxd8 25.Bxe4 Be8 26.Rec1 Rd6 27.Rc4 Rb7 28.Rbc1 Kf7 29.g4 h6 30.Bxc6 Bxc6
31.Rxc6 Rxc6 32.Rxc6 Rxb4 33.g3  1/2-1/2

[Event "FSIMA October"]
[Site "Budapest HUN"]
[Date "2000.10.09"]
[Round "3"]
[White "Bree,T"]
[Black "Hoenig,A"]
[Result "1/2-1/2"]
[WhiteElo "2252"]
[BlackElo "2261"]

1.d4 d5 2.Nf3 c6 3.c4 Nf6 4.Nc3 a6 5.cxd5 cxd5 6.Bf4 Nc6 7.e3 Bf5 8.Bd3 Bxd3
9.Qxd3 e6 10.O-O Be7 11.Rfc1 O-O 12.h3 b5 13.Ne5 Nxe5 14.Bxe5 Qd7 15.Rc2 Rfc8
16.Rac1 Ne8 17.Ne2 Nd6 18.Bxd6 Bxd6 19.Qd2 g6 20.Rxc8+ Rxc8 21.Rc2 h5 22.Qc1 Rxc2
23.Qxc2 Qc7 24.Qxc7 Bxc7 25.Nc1 Kf8 26.Nd3 Ke7 27.g4 hxg4 28.hxg4 Bd6 29.Kg2 f6
30.f4 a5 31.Kh3 g5 32.fxg5 fxg5 33.Kg2 Kf6 34.Kf3 e5 35.dxe5+ Bxe5 36.b3 Bd6
37.Ke2 Ke6 38.Ne1 Be7 39.Kd3 Kd6 40.Nc2 Kc5 41.a3 Bf6 42.b4+ Kb6 43.Nd4 axb4
44.axb4 Be7 45.Nc2 Bf6 46.e4 dxe4+ 47.Kxe4 Bc3  1/2-1/2

[Event "Cup Rectora"]
[Site "Kharkov UKR"]
[Date "2000.10.11"]
[Round "11"]
[White "Shalimov,V UKR"]
[Black "Komliakov,V"]
[Result "1/2-1/2"]
[WhiteElo "2406"]
[BlackElo "2453"]

1.d4 d5 2.c4 c6 3.Nf3 Nf6 4.Nc3 a6 5.cxd5 cxd5 6.Bf4 Nc6 7.e3 Bg4 8.Be2 e6
9.O-O Bd6 10.Bxd6 Qxd6 11.h3 Bxf3 12.Bxf3 O-O 13.Be2  1/2-1/2

[Event "Tatry Open"]
[Site "Tatranske Zruby SVK"]
[Date "2000.10.13"]
[Round "7"]
[White "Tupy,M"]
[Black "Gregorova,Z"]
[Result "1/2-1/2"]
[WhiteElo "2298"]
[BlackElo "2140"]

1.d4 d5 2.c4 c6 3.Nf3 Nf6 4.Nc3 a6 5.c5 g6 6.Bf4 Bg7 7.h3 O-O 8.e3 Nbd7 9.Be2 Ne8
10.g4 f6 11.g5 e5 12.gxf6 exf4 13.fxg7 Nxg7 14.e4 dxe4 15.Nxe4 Qa5+ 16.Qd2 Qxd2+
17.Kxd2 Nf6 18.Bc4+ Be6 19.Bxe6+ Nxe6 20.Nd6 Ne8 21.Nc4 Rd8 22.Kc3 N8c7 23.Nd6 Nb5+
24.Nxb5 axb5 25.a4 Nc7 26.axb5 Nxb5+ 27.Kc4 Rf5 28.Rhe1 Rfd5 29.Re4 Rf8 30.Rae1 Kg7
31.Re5 Rxe5 32.Rxe5 Nc7 33.Ng5 Re8 34.Rxe8 Nxe8 35.Ne6+ Kf6 36.Nd8 Ke7 37.Nxb7 Nc7
38.Nd6 g5 39.Kd3 Ke6 40.b4 h5 41.f3 Kf6 42.Nc4 Ke6 43.Ne5 Kd5 44.Ng6 Ke6
45.Kc4 Nd5 46.b5 cxb5+ 47.Kxb5 g4 48.hxg4 hxg4 49.Nxf4+ Nxf4 50.fxg4 Kd5
51.Kb6 Ne6 52.c6 Kxd4 53.Kb7  1/2-1/2

[Event "TCh-SVK"]
[Site "SVK"]
[Date "2000.10.22"]
[Round "2"]
[White "Turna,S"]
[Black "Kaniansky,M"]
[Result "1-0"]
[WhiteElo "2257"]
[BlackElo "2189"]

1.d4 d5 2.c4 c6 3.Nc3 Nf6 4.Nf3 a6 5.Bg5 Ne4 6.Bf4 Nxc3 7.bxc3 dxc4 8.e4 b5
9.g3 e6 10.Bg2 Bb7 11.a4 Be7 12.h4 O-O 13.Ng5 h6 14.e5 Qc7 15.Ne4 c5 16.Qg4 Kh8
17.Qh5 cxd4 18.cxd4 Rd8 19.Bxh6 g6 20.Qg4 Rxd4 21.Be3 Bxe4 22.Bxe4 Qxe5 23.Bxd4 Qxd4
24.O-O Ra7 25.Rfd1 Qb6 26.Qf4 Bf8 27.axb5 Bg7 28.Ra2 e5 29.Qf3 axb5 30.Rxa7 Qxa7
31.Rd8+ Kh7 32.h5  1-0

[Event "34th Olympiad Women"]
[Site "Istanbul TUR"]
[Date "2000.10.29"]
[Round "2"]
[White "Matveeva,S"]
[Black "Macek,V"]
[Result "1/2-1/2"]
[WhiteElo "2440"]
[BlackElo "2277"]

1.d4 d5 2.c4 c6 3.Nf3 Nf6 4.Nc3 a6 5.c5 Bg4 6.Ne5 Bf5 7.Qb3 Ra7 8.e3 Nbd7
9.f4 Nxe5 10.fxe5 Nd7 11.Be2 e6 12.O-O Be7 13.Bd2 O-O 14.Rad1 Bg6 15.Bf3 b6
16.cxb6 Qxb6 17.Qxb6 Nxb6 18.e4 Nc4 19.Bc1 Bh4 20.Na4 Rb8 21.a3  1/2-1/2

[Event "4th OIBM"]
[Site "Bad Wiessee GER"]
[Date "2000.11.01"]
[Round "5"]
[White "Mikhalevski,V"]
[Black "Kindermann,S"]
[Result "0-1"]
[WhiteElo "2532"]
[BlackElo "2519"]

1.d4 d5 2.c4 c6 3.Nf3 Nf6 4.Nc3 a6 5.c5 Bf5 6.Bf4 Nbd7 7.e3 e6 8.Be2 Be7
9.Nd2 h6 10.b4 O-O 11.g4 Bg6 12.h4 a5 13.b5 e5 14.Bg3 exd4 15.exd4 Re8 16.Kf1 Nf8
17.f4 Ne6 18.f5 Bxf5 19.gxf5 Nxd4 20.Bf2 Bxc5 21.Bd3 Qd6 22.Kg2 Nxf5 23.Bxf5 Bxf2
24.Rh3 Bd4 25.Nb3 Be3 26.Qd3 d4 27.Rf1 c5 28.Rhf3 c4 29.Qxc4 dxc3 30.Qxc3 Bb6
31.Qc4 Re7 32.Kh1 Rae8 33.Bd3 Re3 34.Bg6 Rxf3 35.Bxf7+ Kh8 36.Rxf3 Re1+ 37.Rf1 Bc7  0-1

[Event "Chigorin Mem"]
[Site "St Petersburg RUS"]
[Date "2000.11.01"]
[Round "2"]
[White "Rychagov,A"]
[Black "Onoprienko,V"]
[Result "1/2-1/2"]
[WhiteElo "2510"]
[BlackElo "2330"]

1.d4 d5 2.c4 c6 3.Nf3 Nf6 4.Nc3 a6 5.e3 b5 6.b3 Bg4 7.Be2 e6 8.h3 Bh5 9.O-O Nbd7
10.Bb2 Bd6 11.Rc1 O-O 12.Ne5 Bxe2 13.Nxe2 Rc8 14.Qd3 dxc4 15.bxc4 Nb6 16.c5 Bxe5
17.cxb6 Bb8 18.Ba3 Re8 19.Bc5 Nd7 20.Qa3 Nxb6 21.Qxa6 Nc4 22.a4 Qd7 23.axb5 cxb5
24.Nc3 Nd2 25.Rfd1 Nb3 26.Rb1  1/2-1/2

[Event "ch-POL Semi-Finals"]
[Site "Polanczyk POL"]
[Date "2000.11.04"]
[Round "1"]
[White "Mikrut,D"]
[Black "Stoma,P"]
[Result "1-0"]
[WhiteElo "2325"]
[BlackElo "2105"]

1.d4 Nf6 2.c4 c6 3.Nc3 d5 4.Nf3 a6 5.c5 g6 6.Bf4 Bg7 7.h3 O-O 8.e3 Nbd7 9.Be2 Re8
10.O-O Ne4 11.Nxe4 dxe4 12.Nd2 e5 13.dxe5 Nxc5 14.b4 Nd3 15.Nxe4 Nxe5 16.Bg5 Qxd1
17.Rfxd1 Nd7 18.Nd6 Bxa1 19.Nxe8 Bc3 20.Nd6 Nb6 21.Ne4 Be5 22.Rd8+ Kg7 23.f4 Bf5
24.fxe5 Bxe4 25.Bf6+ Kh6 26.Rd4  1-0

[Event "4th OIBM"]
[Site "Bad Wiessee GER"]
[Date "2000.11.05"]
[Round "9"]
[White "Naumann,A"]
[Black "Schmidt,Bo"]
[Result "1-0"]
[WhiteElo "2489"]
[BlackElo "2368"]

1.d4 d5 2.c4 c6 3.Nf3 Nf6 4.Nc3 a6 5.a4 e6 6.Bg5 Nbd7 7.e3 Qa5 8.Nd2 Bb4
9.Qc2 O-O 10.Be2 Ne4 11.Ndxe4 dxe4 12.Bh4 f5 13.O-O e5 14.c5 exd4 15.exd4 Nf6
16.Bxf6 Rxf6 17.Na2 Be6 18.Bc4 Bf7 19.Rfd1 b6 20.Bxf7+ Rxf7 21.cxb6 Qxb6
22.Nxb4 Qxb4 23.Qxc6 Rd8 24.Qxa6 g6 25.a5 Qxb2 26.Qc4 Kg7 27.a6 Qb6 28.Rdb1 Qc7
29.Qxc7 Rxc7 30.Rb7 Rxb7 31.axb7 Rb8 32.Rb1 Kf7 33.f3 exf3 34.gxf3 Ke6 35.Kf2 Kd5
36.Rb4 g5 37.Rb5+ Kxd4 38.Rxf5 Rxb7 39.Rxg5 Rf7 40.Kg3 Ke3 41.Re5+ Kd4 42.f4 Rg7+
43.Kf3 Rg6 44.h4 Rg1 45.h5 Rg7 46.Re1 Kd5 47.f5 Kd6 48.Re6+ Kd7 49.Kf4 Rg1
50.h6 Rg2 51.Ke5 Rh2 52.Kf4 Rg2 53.Re1 Kd8 54.Kf3 Rg5 55.Ke4 Rg2 56.Kd5 Rh2
57.Ke6 Rxh6+ 58.f6 Rh2 59.Rd1+ Ke8 60.f7+  1-0

[Event "Tch-AUT 2000-01"]
[Site "Gleisdorf AUT"]
[Date "2000.11.19"]
[Round "5"]
[White "Lipinsky,F"]
[Black "Kindermann,S"]
[Result "1-0"]
[WhiteElo "2374"]
[BlackElo "2522"]

1.d4 d5 2.c4 c6 3.Nf3 Nf6 4.Nc3 a6 5.c5 Bf5 6.Nh4 Bg6 7.Nxg6 hxg6 8.Bf4 Nbd7
9.h3 e6 10.e3 Be7 11.Bd3 Qc8 12.Qc2 Bd8 13.g4 Bc7 14.O-O-O Bxf4 15.exf4 Qc7
16.Qd2 b6 17.cxb6 Nxb6 18.Qe3 Kf8 19.Rhe1 Nc4 20.Qf3 Rb8 21.Re2 Nd6 22.Qe3 Nc4
23.Qf3 Rb4 24.Bxc4 dxc4 25.f5 gxf5 26.gxf5 exf5 27.Re5 g6 28.Rc5 Kg7 29.d5 Qe5
30.Rxc6 Rhb8 31.Qe3 Ne4 32.f4 Qxc3+ 33.Qxc3+ Nxc3 34.bxc3 Rb1+ 35.Kd2 R1b2+
36.Ke3 Re8+ 37.Kd4 Re4+ 38.Kc5 Rxf4 39.Rxa6 Rb8 40.d6 Kf6 41.Kc6 Rh8 42.Kc7  1-0

[Event "Autumn Cup IM"]
[Site "Bucharest ROM"]
[Date "2000.11.23"]
[Round "4"]
[White "Hernandez,Gu VEN"]
[Black "Marin,L"]
[Result "1/2-1/2"]
[WhiteElo "2245"]
[BlackElo "2187"]

1.Nf3 d5 2.d4 Nf6 3.c4 c6 4.Nc3 a6 5.Qb3 dxc4 6.Qxc4 b5 7.Qd3 e6 8.a4 b4
9.Ne4 Nxe4 10.Qxe4 Bb7 11.g3 Qc8 12.Qd3 c5 13.dxc5 Nd7 14.Bg2 Nxc5 15.Qd1 Bd5
16.Nh4 Nb3 17.Rb1 Bxg2 18.Nxg2 Qc6 19.Qxb3 Qxg2 20.Qf3 Qxf3 21.exf3 b3 22.Bd2 Be7
23.Bc3 O-O 24.Ke2 Rfc8 25.Rhd1 Rc4 26.Rd7 Bf6 27.Rbd1 Rxa4 28.Bxf6 gxf6 29.Rd8+ Rxd8
30.Rxd8+ Kg7 31.Rb8 h5 32.Rxb3 h4 33.h3  1/2-1/2

[Event "FIDE WCh Women KO"]
[Site "New Delhi IND"]
[Date "2000.12.04"]
[Round "3.2"]
[White "Vasilevich,T"]
[Black "Kovalevskaya,E"]
[Result "0-1"]
[WhiteElo "2429"]
[BlackElo "2475"]

1.d4 d5 2.c4 c6 3.Nf3 Nf6 4.Nc3 a6 5.e3 b5 6.b3 Bg4 7.Be2 e6 8.O-O Bd6 9.h3 Bf5
10.Bb2 Nbd7 11.Bd3 Bxd3 12.Qxd3 O-O 13.Rfe1 Qb8 14.Re2 Rd8 15.Rc1 Ra7 16.Rec2 Rb7
17.Qe2 Bc7 18.cxd5 cxd5 19.Ne1 Bd6 20.Nd3 Rc7 21.Nb1 Rdc8 22.Bc3 b4 23.Be1 a5
24.f3 h6 25.Bf2 e5 26.dxe5 Nxe5 27.Ne1 Ned7 28.Rxc7 Bxc7 29.Rc2 Re8 30.Qd2 Bb6
31.Rc1 Qe5 32.Nc2 Qb2 33.Nd4 Qxd2 34.Nxd2 Nc5 35.Kf1 Nfd7 36.Rc2 g6 37.Kg1 Nd3
38.Nf1 N7c5 39.Bg3 f5 40.Kh1 Kf7 41.Nb5 Kf6 42.Nc7 Rd8 43.Na6 Rc8 44.Rd2 Nxa6
45.Rxd3 Ke6 46.Rd1 Rc2 47.e4 fxe4 48.fxe4 d4 49.Nd2 Rxa2 50.Nf3 a4 51.bxa4 b3
52.Nd2 b2 53.Nc4 Nc5 54.Nxb2 Rxb2 55.Rxd4 Rb1+ 56.Kh2 Nb7 57.Rc4 Bg1+ 58.Kh1 Nd6
59.Rc6 Bf2+ 60.Kh2 Bxg3+ 61.Kxg3 Rb4 62.Kf3 Rxa4 63.h4 Kd7 64.Rb6 Kc7 65.Rb2 Rxe4
66.g3 h5 67.Rg2 Rg4 68.Rg1 Kd7 69.Kf2 Ke6 70.Kf3 Ne4 71.Rg2 Kf5 72.Rg1 Rxg3+
73.Rxg3 Nxg3 74.Kxg3 Ke4 75.Kg2 Kf4  0-1

[Event "2nd Viking GMA"]
[Site "York ENG"]
[Date "2000.12.13"]
[Round "1"]
[White "Hillarp Persson,T"]
[Black "Hodgson,Ju"]
[Result "1/2-1/2"]
[WhiteElo "2549"]
[BlackElo "2640"]

1.d4 d5 2.c4 c6 3.Nf3 Nf6 4.Nc3 a6 5.cxd5 cxd5 6.Bf4 Nc6 7.Rc1 Bf5 8.e3 Rc8
9.Be2 e6 10.O-O Bd6 11.Bxd6 Qxd6 12.Na4 O-O 13.Nc5 Rc7 14.Qb3 Rb8 15.Rfd1 h6
16.h3 Ne4 17.Nxe4 Bxe4 18.Qb6 Bxf3 19.Bxf3 Rcc8 20.Rc5 Qd8 21.Qxd8+ Nxd8
22.e4 dxe4 23.Bxe4 b6 24.Rcc1 Kf8 25.f4 Ke7 26.Kf2 Kd6 27.Ke3 f5 28.Bf3 b5
29.g4 g5 30.Rg1 Nf7 31.gxf5 exf5 32.Kd3 Rxc1 33.Rxc1 gxf4 34.Rc6+ Kd7 35.Rxa6 Rg8
36.Ra7+ Ke6 37.d5+ Kf6 38.Kd4 Rg3 39.Bh5 Ng5 40.h4 Nf3+ 41.Bxf3 Rxf3 42.Ra6+ Ke7
43.Ke5 Rf2 44.Ra7+ Ke8 45.Kxf5 f3 46.Ke4 Rxb2 47.Kxf3 Rb4 48.Kg3 Rd4 49.Rh7  1/2-1/2

[Event "TCh-SVK"]
[Site "SVK"]
[Date "2000.12.16"]
[Round "5"]
[White "Lisko,F"]
[Black "Cibulka,V"]
[Result "1/2-1/2"]
[WhiteElo "2339"]
[BlackElo "2309"]

1.d4 d5 2.c4 c6 3.Nf3 Nf6 4.Nc3 a6 5.c5 g6 6.h3 Bg7 7.Bf4 O-O 8.e3 b5 9.cxb6 Qxb6
10.Nd2 Nbd7 11.Na4 Qa5 12.Rc1 Ne4 13.a3 Nxd2 14.b4 Qd8 15.Qxd2 e5 16.dxe5 Nxe5
17.Be2 a5 18.Nc5 axb4 19.axb4 Nc4 20.Bxc4 dxc4 21.Qxd8 Rxd8 22.Bc7 Re8 23.O-O c3
24.e4 Ba6 25.Nxa6 Rxa6  1/2-1/2

[Event "2nd Viking GMB"]
[Site "York ENG"]
[Date "2000.12.18"]
[Round "6"]
[White "Summerscale,A"]
[Black "Fontaine,R"]
[Result "1/2-1/2"]
[WhiteElo "2459"]
[BlackElo "2449"]

1.d4 d5 2.c4 c6 3.Nf3 Nf6 4.Nc3 a6 5.e3 b5 6.b3 Bg4 7.Be2 e6 8.h3 Bh5 9.O-O Nbd7
10.Bb2 Be7 11.Ne5 Bxe2 12.Nxe2 Nxe5 13.dxe5 Nd7 14.Rc1 bxc4 15.bxc4 Qb8 16.Rb1 O-O
17.cxd5 cxd5 18.e4 Nxe5 19.exd5 Rd8 20.Bd4 Qd6 21.dxe6 Qxe6 22.Qb3 Qxb3  1/2-1/2

[Event "Ambassador Open"]
[Site "Bern SUI"]
[Date "2000.12.30"]
[Round "7"]
[White "Sturua,Z"]
[Black "Seres,L"]
[Result "1/2-1/2"]
[WhiteElo "2594"]
[BlackElo "2444"]

1.d4 d5 2.c4 c6 3.Nf3 Nf6 4.Nc3 a6 5.c5 Nbd7 6.Bf4 Nh5 7.Bd2 Nhf6 8.Bf4 Nh5
9.Be3 Nhf6 10.h3 Qc7 11.g3 g6 12.Bg2 Bg7 13.O-O O-O 14.Bf4 Qd8 15.Qc1 Re8
16.Rd1 Nh5 17.Bh6 Bh8 18.b4 Ng7 19.e4 dxe4 20.Nxe4 Nf5 21.Bf4 Nf6 22.Nxf6+ Bxf6
23.Be5 Be6 24.g4 Nh4 25.Bxf6  1/2-1/2

[Event "3rd Hilton Open"]
[Site "Basle SUI"]
[Date "2001.01.06"]
[Round "6"]
[White "Tukmakov,V"]
[Black "Sturua,Z"]
[Result "1/2-1/2"]
[WhiteElo "2595"]
[BlackElo "2580"]

1.d4 d5 2.Nf3 Nf6 3.c4 c6 4.Nc3 a6 5.a4 e6 6.Bg5 Nbd7 7.e3 Qa5 8.Nd2 Bb4
9.Qc2 O-O 10.Be2 c5 11.O-O cxd4 12.exd4 dxc4 13.Bf4 Qd8 14.Nxc4 Nb6 15.Qb3 a5
16.Nxb6 Qxb6 17.Be3 Bd7 18.Bf3 Rac8 19.Rfd1 Qa6 20.Bg5 Qc4 21.Qxc4 Rxc4 22.Bxb7 Bxc3
23.bxc3 Rxc3 24.Bd2  1/2-1/2

[Event "Anibal Open"]
[Site "Anibal Open ESP"]
[Date "2001.01.13"]
[Round "6"]
[White "Kempinski,R"]
[Black "Kobalija,M"]
[Result "1/2-1/2"]
[WhiteElo "2522"]
[BlackElo "2594"]

1.d4 d5 2.Nf3 Nf6 3.c4 c6 4.Nc3 a6 5.e3 b5 6.b3 Bg4 7.Be2 e6 8.O-O Nbd7 9.a4 b4
10.Nb1 a5 11.Nbd2 Bd6 12.Bb2 Qb8 13.h3 Bh5 14.Qc2 O-O 15.e4 e5 16.exd5 cxd5
17.cxd5 exd4 18.Nxd4 Bxe2 19.Nxe2 Be5 20.Nd4 Nxd5 21.Qf5 Nc3 22.N2f3 Bxd4
23.Nxd4 Qb6 24.Nb5 Nc5 25.Nxc3 bxc3 26.Bxc3 Nxb3 27.Rfb1 Rab8 28.Qg4 Qg6
29.Qxg6 hxg6 30.Ra3 Nc5 31.Rb5 Rxb5 32.axb5 Rb8 33.Rxa5 f6 34.Bb4 Ne6 35.Bd6 Rb6
36.Be7 Rb7 37.Bd6 Nd4 38.b6 Rxb6 39.Bc5 Rb1+ 40.Kh2 Ne6 41.Ra8+ Kf7 42.Ra7+ Kg8
43.Be3 Rd1 44.Kg3 Rd5  1/2-1/2